00329pab a2200133 454500008004000000100001900040245003600059260000900095300001100104362001100115650003400126650002000160773001500180180718b2005 xxu||||| |||| 00| 0 eng d aPaul, Joshy M. aNorth Korea and nuclear weapons c2005 ap.5-6. a11 Jun aNeclear weapons - North Korea aNuclear weapons aMainstream